000 00286nam a22001337a 4500
008 170328b xxu||||| |||| 00| 0 eng d
020 _a9780073523798
041 _aeng
080 _29TH
_a615.83
100 _a8
101 _aSHM
245 _aFIT & WELL
_cFAHEY, TH.D
942 _2udc
_cBK
999 _c8797
_d8797